Stati degli Stati Uniti più a Nord - Statistics

Statistiche generali
  • Questo quiz è stato fatto 43 volte
  • Il punteggio medio è 8 su 10
Statistiche sulle risposte
Latitudine punto statale più a Nord Stato federale % Corretto
49°00'00''N Montana
89%
47°27'35''N Maine
86%
48°18′21″N Michigan
86%
49°00'00''N Washington
86%
49°00'00''N Dakota del Nord
78%
71°23'13''N Alaska
76%
49°00'00''N Idaho
76%
49°22'58''N Minnesota
76%
47°18′36″N Wisconsin
76%
46°17′30″N Oregon
68%
Nessun quiz corrispondente trovato
Distribuzione punteggi
Percentuale di utenti per punteggio
Percentile per numero di risposta
I tuoi punteggi nel tempo
Non hai fatto questo quiz